000 00500nam a2200181Ia 4500
999 _c27705
_d27705
003 OSt
005 20201119121117.0
008 190216s9999||||xx |||||||||||||| ||und||
020 _a9788171307869
040 _coclc
082 _a920
_bARN/S
100 _aArnold, Edwin
_96775
245 0 _aSree Buddhan Asiayude Velichcham /
_cEdwin Arnold
260 _bD C Books,
_aKottayam:
_c1997.
300 _a204p
650 _aOormakurip
942 _cBK
_2ddc
_h920
_iARN/S
_k920
_mARN/S